Regional I Final: Hip Extension Muscles - Statistics

General Stats
  • This quiz has been taken 2 times
  • The average score is 4 of 5
Answer Stats
Answer % Correct
Biceps Femoris Long Head
100%
Gluetus Maximus
100%
Semitendinosus
100%
Semimembranosus
50%
Adductor Magnus
0%
No matching quizzes found
Score Distribution
Percent of People with Each Score
Percentile by Number Answered
Your Score History
You have not taken this quiz